000 00361nam a2200169Ia 4500
100 _aSchiller/Jochen
650 _aCommunications
250 _a2
942 _cBK
366 _f20
654 _amobile
245 _aMobile communications
260 _bPearson Education
_aMumbai
_c2003
082 _a621.382/SCH
_bSCH
300 _a512
546 _aENGLISH
999 _c18731
_d18731